| 000 | 00951nam a2200241Ia 4500 | ||
|---|---|---|---|
| 999 |
_c50495 _d50495 |
||
| 001 | 17444 | ||
| 003 | GE_BSU | ||
| 005 | 20200213142518.0 | ||
| 008 | 181216s2015ru xx |||||||||||||| ||rus|| | ||
| 020 | _a978-5-86547-583-5 | ||
| 040 | _cGE_BSU | ||
| 041 | _arus | ||
| 080 | _a811.161.1Ч-45 | ||
| 100 |
_aЧернышов С.И. _97063 |
||
| 245 |
_aПоехали! Русский язык для взрослых. Начальный курс : Ч.1 _bНачальный курс: Часть1 / _cС.И. Чернышов ; Ред . Т.А.Григорьева. |
||
| 250 | _a15-е издание | ||
| 264 |
_aСанкт-Петербург : _bЗлатоуст, _c2015. |
||
| 300 |
_a280 стр.: _bил, _c27 cm. |
||
| 653 | _aРусский язык для взрослых.Начальный курс | ||
| 653 | _aრუსული ენა | ||
| 700 |
_aГригорьева, Т.А. _eრედაქტორი _97064 |
||
| 942 |
_cBK _2udc |
||